| 000 | 01357nam a2200241Ia 4500 | ||
|---|---|---|---|
| 003 | Ost | ||
| 005 | 20260416102351.0 | ||
| 008 | 260416s9999||||xx |||||||||||||| ||und|| | ||
| 040 | _cfsecg | ||
| 041 | _aara | ||
| 082 | _a510 | ||
| 100 |
_aزواوي، داعو _eمؤلف |
||
| 245 | 0 |
_aدروس في الرياضيات / _c داعو زواوي |
|
| 260 |
_aالجزائر _bجامعة الجزائر3: كلية العلوم الإقتصادية، العلوم التجارية وعلوم التسيير _c2016 |
||
| 300 |
_a97 ورقة _bايضاحات _c30 سم |
||
| 520 | _aالتحليل (مراجعة العموميات لبرنامج السنة النهائية علمي)، المجموعات والتطبيقات، المتتاليات، الدوال، النشر المحدود والتكاملات، الجبر الخطي، العمليات الداخلية والبنى الجبرية، الفضاءات الشعاعية والتطبيقات الخطية، المصفوقات، المحددات وجمل المعادلات الخطية | ||
| 653 | _aالجبر | ||
| 653 | _aالدوال | ||
| 653 | _aالرياضيات | ||
| 653 | _aالمصفوفات | ||
| 710 |
_aجامعة الجزائر3: كلية العلوم الإقتصادية، العلوم التجارية وعلوم التسيير _eناشر علمي |
||
| 942 | _cHANDOUT | ||
| 999 |
_c41018 _d41018 |
||